000 00780nab a2200229u 4500
001 23013
003 HDC
007 c| |||a|c|aaaa
008 210313b99990304my ||||o |||| 00| 0 eng d
040 _aHDC
245 0 _aPatchi first chocolatier in UAE to get halal certification
336 _atext
_2rdacontent
337 _acomputer
_2rdamedia
338 _aonline resource
_2rdacarrier
650 _aDubai Industrial Park
_919750
650 _aEmirates Authority for Standardization and Metrology (ESMA)
_919751
710 _aZawya.com
856 _zRequest full-text at [email protected]
942 _2lcc
942 _cNEWS
942 _kNWS0 005145
999 _c20329
_d20329